[Event "Temuco IRT Rumbo"]
[Site "Temuco"]
[Date "2020.01.29"]
[Round "7"]
[White "Gidi Cajas, Miguel Angel"]
[Black "Torres Ferrada, Martina Aline"]
[Result "1-0"]
[WhiteElo "1402"]
[BlackElo "1098"]
[PlyCount "31"]
[EventDate "2020.01.27"]
[EventType "tourn"]
[EventRounds "9"]
[EventCountry "CHI"]
[SourceTitle "CBM 195 Extra"]
[Source "ChessBase"]
[SourceDate "2020.05.31"]
[SourceVersion "1"]
[SourceVersionDate "2020.05.31"]
[SourceQuality "1"]

1. e4 e6 2. d4 d5 3. e5 c5 4. c3 Nc6 5. Nf3 Nge7 6. Bd3 Bd7 7. 0-0 Nc8 8. Be3 Be7 9. Re1 Qb6 10. b3 Bd8 11. Nbd2 N8e7 12. Rc1 0-0 13. Bxh7+ Kxh7 14. Ng5+ Kg8 15. Qh5 f6 16. Qh7# 1-0